00769nam a2200241 a 4500001001300000003000900013005001700022008004100039020000900080082001800089100002200107245005200129260002700181300000900208500003500217505001700252650000900269902000800278942000700286952010100293952011600394999001700510nice12345678IN_TiNIC20260116014445.0050524s2004 bana grp 000 0 eng  ac7500a362.1969bPRA aPrabhakar, Samson aHiv/aidsb a Challenge to Theological Education aBanglorebBtesscc2004 a148p aincludes index and biblioraphy2 aBibliography aAids bSRS cBK 00104070aHMIbHMId2007-08-01g75.00l0o362.1969 PRA C1p021327r2007-08-01w2026-01-16yBK 00104070aHMIbHMIcGENd2007-08-01g75.00l1o362.1969 PRA C2p24884r2019-08-09s2019-08-02w2018-07-24yBK c15419d15419